00410nam a22001577a 450000500170000001000140001702000230003103500130005403700130006708200080008010000130008824500460010126000370014727000460018430000220023020100726134014.0 aENG-97045 a8170632226c150.00 aEN-80578 bDBAD/PUB a610 aRaja Ram aHandbook for better living /cby Raja Ram aNew DelhibArya Book Depotc2009 a30 Naiwala, Karol BaghbNew Delhie110005 a103p.c25cm. (Hb)